| 000 | 00466nam a2200169 a 4500 | ||
|---|---|---|---|
| 001 | 3674 | ||
| 003 | CDMR | ||
| 005 | 20130315111046.0 | ||
| 008 | 130130s1987||||||||||||||||||||||||||||d | ||
| 020 | _a8475961363 | ||
| 040 |
_aCDMR _bcat _cCDMR |
||
| 110 | 2 |
_aDiari de Barcelona _92617 |
|
| 245 | 1 | 3 |
_aUn model de llengua pels mitjans de comunicació _b: llibre d'estil del Diari de Barcelona |
| 250 | _a1a ed. | ||
| 260 |
_aBarcelona _c1987 _bEmpúries |
||
| 942 |
_cMON _2udc |
||
| 999 |
_c3674 _d3674 |
||